| 000 | 01146nam a22003377a 4500 | ||
|---|---|---|---|
| 001 | 0041599 | ||
| 003 | KOHA_MİRAKIL | ||
| 005 | 20260207003243.0 | ||
| 007 | ta | ||
| 008 | 130730b2011 tu |||gr||||#||||0|tur | | ||
| 020 | _a9786054456659 | ||
| 040 |
_aTR-BiSEU _btur _cTR-BiSEU _erda |
||
| 041 | 0 | _atur | |
| 044 | _ctu | ||
| 050 |
_aBF637 _b.S53 2011 |
||
| 100 | 1 | _aSharma, Robin. | |
| 245 | 1 |
_aFerrari'sini satan bilge'den : _b gününüzü aydınlatacak sözler/ _cRobin Sharma ; Robin Sharma ; çeviren Filiz Gülerkaya. |
|
| 264 | 1 |
_aİstanbul : _bPegasus Yayınları _c2011 |
|
| 300 |
_asayfalama yok ; _c20 cm. |
||
| 336 |
_ametin _btxt _2rdacontent |
||
| 337 |
_aaracısız _bn _2rdamedia |
||
| 338 |
_acilt _bnc _2rdacarrier |
||
| 490 | 1 |
_aPegasus Yayınları ; _v345. |
|
| 490 | 1 |
_aKişisel Gelişim ; _v48. |
|
| 500 | _aÖzgün eser adı : Daily inspiration from the monk sold his ferrari | ||
| 650 | 0 |
_aBaşarı, Psikolojik açıdan. _977269 |
|
| 650 | 0 |
_aİşte başarı--Psikolojik açıdan. _977270 |
|
| 830 | 1 |
_aPegasus Yayınları ; _v345. _922903 |
|
| 830 | 1 |
_aKişisel Gelişim ; _v48. _923053 |
|
| 942 |
_2lcc _cBK |
||
| 999 |
_c41449 _d41449 |
||